The Newest Countries Since 1990 - Statistics

General Stats
  • This quiz has been taken 76 times
  • The average score is 25 of 33
Answer Stats
Date of Independence Answer % Correct
February 17, 2008 Kosovo
94%
June 3, 2006 Montenegro
93%
June 5, 2006 Serbia
93%
June 25, 1991 Slovenia
91%
July 9, 2011 South Sudan
91%
June 25, 1991 Croatia
90%
January 1, 1993 Slovakia
90%
August 25, 1991 Belarus
87%
August 20, 1991 Estonia
87%
August 21, 1991 Latvia
87%
March 11, 1990 Lithuania
87%
February 29, 1992 Bosnia and Herzegovina
86%
August 24, 1991 Ukraine
86%
January 1, 1993 Czech Republic
84%
April 9, 1991 Georgia
84%
August 23, 1990 Armenia
83%
December 16, 1991 Kazakhstan
81%
September 8, 1991 Macedonia
81%
August 27, 1991 Moldova
81%
October 27, 1991 Turkmenistan
80%
September 1, 1991 Uzbekistan
80%
October 18, 1991 Azerbaijan
78%
September 9, 1991 Tajikistan
78%
August 31, 1991 Kyrgyzstan
74%
October 3, 1990 Germany
71%
December 12, 1991 Russia
68%
May 20, 2002 East Timor
67%
May 25, 1993 Eritrea
57%
October 1, 1994 Palau
46%
May 22, 1990 Yemen
46%
September 17, 1991 Marshall Islands
43%
September 17, 1991 Micronesia
38%
March 21, 1990 Namibia
35%
No matching quizzes found
Score Distribution
Percent of People with Each Score
Percentile by Number Answered
Your Score History
You have not taken this quiz